00333nam a22001217a 4500003000400000082001700004100002300021245009500044260003600139300000700175650001900182653001000201SGT a617.84bE21C aChoudhary, Dimple  aEffect of Hand Exercises On Quality Of Life In Patients With Chronic Reheumatoid Arthritis aGURUGRAM bSGT UNIVERSITYc2021 a96 aPHYSIOTHERAPY  aP.HD